IX Nacional de Población y Vivienda 2010: (Registro nro. 18374)
[ vista simple ]
| 000 -CABECERA | |
|---|---|
| campo de control de longitud fija | 00938nam a2200217 i 4500 |
| 003 - IDENTIFICADOR DEL NÚMERO DE CONTROL | |
| campo de control | DO-SdUEMH |
| 005 - FECHA Y HORA DE LA ÚLTIMA TRANSACCIÓN | |
| campo de control | 20260202164726.0 |
| 007 - CAMPO FIJO DE DESCRIPCIÓN FÍSICA--INFORMACIÓN GENERAL | |
| campo de control de longitud fija | ta |
| 008 - DATOS DE LONGITUD FIJA--INFORMACIÓN GENERAL | |
| campo de control de longitud fija | 260202b2012 dr a|||gr|||| 00| 0 spa d |
| 040 ## - FUENTE DE LA CATALOGACIÓN | |
| Centro catalogador/agencia de origen | DO-SdUEMH |
| Lengua de catalogación | spa |
| Normas de descripción | rda |
| 041 ## - CÓDIGO DE LENGUA | |
| Código de lengua del texto/banda sonora o título independiente | spa |
| 082 ## - NÚMERO DE LA CLASIFICACIÓN DECIMAL DEWEY | |
| Colección | Colección Dominicana |
| 245 ## - MENCIÓN DE TÍTULO | |
| Título | IX Nacional de Población y Vivienda 2010: |
| Resto del título | informe general |
| 264 #1 - PRODUCCIÓN, PUBLICACIÓN, DISTRIBUCIÓN, FABRICACIÓN Y COPYRIGHT | |
| Lugar de producción, publicación, distribución, fabricación | Santo Domingo, República Dominicana : |
| Fecha de producción, publicación, distribución, fabricación o copyright | 2012 |
| 300 ## - DESCRIPCIÓN FÍSICA | |
| Extensión | 548 páginas : |
| Otras características físicas | ilustraciones ; |
| Dimensiones | 27 cm. |
| 336 ## - TIPO DE CONTENIDO | |
| Fuente | rdacontent |
| Término de tipo de contenido | texto |
| Código de tipo de contenido | txt |
| 337 ## - TIPO DE MEDIO | |
| Fuente | rdamedia |
| Nombre del tipo de medio | sin mediación |
| Código del tipo de medio | n |
| 338 ## - TIPO DE SOPORTE | |
| Fuente | rdacarrier |
| Nombre del tipo de soporte | volumen |
| Código del tipo de soporte | nc |
| 505 #2 - NOTA DE CONTENIDO CON FORMATO | |
| Nota de contenido con formato | Generalidades -- Dinámica de la población dominicana -- Resultados censales -- Aspectos operacionales y metodológicos -- Instrumentos de recolección de información -- Prueba censal -- Segmentación censal -- Capacitación -- Organización y distribución del material censal -- Empadronamiento -- Procesamiento -- Difusión. |
| 942 ## - ELEMENTOS DE PUNTO DE ACCESO ADICIONAL (KOHA) | |
| Fuente del sistema de clasificación o colocación | Dewey Decimal Classification |
| Tipo de ítem Koha | Libro |
| Suprimir en OPAC | No |
| Estado de retiro | Estado de pérdida | Fuente del sistema de clasificación o colocación | Estado dañado | Disponibilidad para préstamo | Código de colección | Localización permanente | Ubicación/localización actual | Fecha de adquisición | Fuente de adquisición | Total de préstamos | Signatura topográfica completa | Código de barras | Fecha visto por última vez | Número de copia | Precio válido a partir de | Tipo de ítem Koha |
|---|---|---|---|---|---|---|---|---|---|---|---|---|---|---|---|---|
| Dewey Decimal Classification | Disponible para préstamo | Colección Dominicana | UNIREMHOS SEDE | UNIREMHOS SEDE | 02/02/2026 | Donación | RD | 1200165 | 02/02/2026 | ej. 1 | 02/02/2026 | Libro | ||||
| Dewey Decimal Classification | Disponible para préstamo | Colección Dominicana | UNIREMHOS SEDE | UNIREMHOS SEDE | 02/02/2026 | Donación | RD | 1300083 | 02/02/2026 | ej. 1 | 02/02/2026 | Libro | ||||
| Dewey Decimal Classification | Disponible para préstamo | Colección Dominicana | UNIREMHOS SEDE | UNIREMHOS SEDE | 02/02/2026 | Donación | RD | 1300084 | 02/02/2026 | ej. 1 | 02/02/2026 | Libro | ||||
| Dewey Decimal Classification | Disponible para préstamo | Colección Dominicana | UNIREMHOS SEDE | UNIREMHOS SEDE | 02/02/2026 | Donación | RD | 1300082 | 02/02/2026 | ej. 1 | 02/02/2026 | Libro | ||||
| Dewey Decimal Classification | Disponible para préstamo | Colección Dominicana | UNIREMHOS SEDE | UNIREMHOS SEDE | 02/02/2026 | Donación | RD | 1300169 | 02/02/2026 | ej. 1 | 02/02/2026 | Libro | ||||
| Dewey Decimal Classification | Disponible para préstamo | Colección Dominicana | UNIREMHOS SEDE | UNIREMHOS SEDE | 02/02/2026 | Donación | RD | 1300168 | 02/02/2026 | ej. 1 | 02/02/2026 | Libro |




